000 00771nam a22002057a 4500
003 0
005 20251027143215.0
008 251027b xxu||||| |||| 00| 0 eng d
020 _a978-1-032-63776-1
050 _aTX 911.3.M3
_b.C66 2025
245 _aConsumer behaviour in hospitality and tourism :
_bcontemporary perspectives and challenges /
_cedited by Saloomeh Tabari, Wei Chen and Nazan Colmekcioglu.
260 _aNew York, NY :
_bRoutledge,
_c2025.
300 _axix, 270 pages :
_billustrations ;
_c24 cm.
504 _aIncludes bibliographical references and index.
650 _aHospitality industry
_xMarketing.
650 _aTourism
_xMarketing.
650 _aConsumer behavior.
650 _aHospitality industry
_xPsychological aspects.
942 _2lcc
_cBK
999 _c368347
_d368347